Qui sont ces joueurs actuels de Ligue 1 (moyen) - Statistiques

Statistiques générales
  • Ce quiz a été pris 179 fois
  • Le résultat moyen est 8 sur 20
Statistiques - réponses
Par images Réponse % Correct
Warren Zaïre-Emery
95%
Samuel Gigot
94%
Kevin Danso
67%
Birger Meling
58%
Christopher Jullien
55%
Myron Boadu
42%
Edon Zhegrova
41%
Henrique
39%
Rémy Descamps
38%
Jordan Lotomba
37%
Adrien Hunou
35%
Farès Chaïbi
33%
Jubal
29%
Julien Laporte
25%
Ibrahima Sissoko
24%
Erik Palmer-Brown
23%
Lilian Brassier
23%
Komnen Andric
19%
Clément Vidal
16%
Maxime Busi
8%
Aucun quiz correspondant
Distribution des résultats
% des personnes avec chaque résultat
Percentile par nombre de réponses
Votre historique - résultats
Vous n’avez pas pris ce quiz